000
00272nam a22001217a 4500
008
170412b xxu||||| |||| 00| 0 eng d
041
_a
ALB
080
_a
612.39
100
_a
10
101
_a
SHM
245
_a
TE USHQYERIT E JOPERTYPESVE
_c
BAKALLI, R.I
942
_2
udc
_c
BK
999
_c
10479
_d
10479